Pharmacotherapy casebook : (Record no. 26855)
[ view plain ]
| 000 -LEADER | |
|---|---|
| fixed length control field | 01716cam a22003855a 4500 |
| 001 - CONTROL NUMBER | |
| control field | 19346071 |
| 005 - DATE AND TIME OF LATEST TRANSACTION | |
| control field | 20180924151817.0 |
| 008 - FIXED-LENGTH DATA ELEMENTS--GENERAL INFORMATION | |
| fixed length control field | 161018t2017 nyua frb 001 0 eng d |
| 010 ## - LIBRARY OF CONGRESS CONTROL NUMBER | |
| LC control number | 2016047743 |
| 020 ## - INTERNATIONAL STANDARD BOOK NUMBER | |
| International Standard Book Number | 9781259640919 (pbk.) |
| 020 ## - INTERNATIONAL STANDARD BOOK NUMBER | |
| International Standard Book Number | 1259640914 (pbk.) |
| 020 ## - INTERNATIONAL STANDARD BOOK NUMBER | |
| International Standard Book Number | 9781260084139 (International ed.) |
| 020 ## - INTERNATIONAL STANDARD BOOK NUMBER | |
| International Standard Book Number | 1260084132 (International ed.) |
| 035 ## - SYSTEM CONTROL NUMBER | |
| System control number | (DNLM)101694559 |
| 040 ## - CATALOGING SOURCE | |
| Original cataloging agency | DNLM/DLC |
| Language of cataloging | eng |
| Transcribing agency | DLC |
| Modifying agency | EG-ScBUE |
| 082 04 - DEWEY DECIMAL CLASSIFICATION NUMBER | |
| Classification number | 615.58 |
| Item number | PHA |
| Edition number | 22 |
| 245 00 - TITLE STATEMENT | |
| Title | Pharmacotherapy casebook : |
| Remainder of title | a patient-focused approach / |
| Statement of responsibility, etc | editors, Terry L. Schwinghammer, Julia M. Koehler, Jill S. Borchert, Douglas Slain, Sharon K. Park. |
| 250 ## - EDITION STATEMENT | |
| Edition statement | 10th ed., International ed. |
| 260 ## - PUBLICATION, DISTRIBUTION, ETC. (IMPRINT) | |
| Place of publication, distribution, etc | New York : |
| Name of publisher, distributor, etc | McGraw-hill Education, |
| Date of publication, distribution, etc | c.2017. |
| 300 ## - PHYSICAL DESCRIPTION | |
| Extent | xviii, 462 p. : |
| Other physical details | ill. ; |
| Dimensions | 29 cm. |
| 500 ## - GENERAL NOTE | |
| General note | Complemented by Pharmacotherapy / [editors], Joseph T. DiPiro, Robert L. Talbert, Gary C. Yee, Gary R. Matzke, Barbara G. Wells, L. Michael Posey ; associate editors, Vicki Ellingrod, Stuart Haines, Thomas Nolin. Tenth edition. 2017. |
| 504 ## - BIBLIOGRAPHY, ETC. NOTE | |
| Bibliography, etc | Includes bibliographical references and index. |
| 520 ## - SUMMARY, ETC. | |
| Summary, etc | More than 160 cases help students develop the problem-solving and decision-making skills necessary to succeed in real-world clinical practice |
| 650 #7 - SUBJECT ADDED ENTRY--TOPICAL TERM | |
| Topical term or geographic name as entry element | Chemotherapy |
| Form subdivision | Case studies. |
| Source of heading or term | BUEsh |
| 9 (RLIN) | 36704 |
| 650 #7 - SUBJECT ADDED ENTRY--TOPICAL TERM | |
| Topical term or geographic name as entry element | Physiology, Pathological |
| Form subdivision | Case studies. |
| Source of heading or term | BUEsh |
| 651 ## - SUBJECT ADDED ENTRY--GEOGRAPHIC NAME | |
| Source of heading or term | BUEsh |
| 653 ## - INDEX TERM--UNCONTROLLED | |
| Resource For college | Pharmacy |
| Arrived date list | September2018 |
| 655 ## - INDEX TERM--GENRE/FORM | |
| Form subdivision | Text book |
| 700 1# - ADDED ENTRY--PERSONAL NAME | |
| Personal name | Schwinghammer, Terry L., |
| Relator term | editor. |
| 700 1# - ADDED ENTRY--PERSONAL NAME | |
| Personal name | Koehler, Julia M., |
| Relator term | editor. |
| 700 1# - ADDED ENTRY--PERSONAL NAME | |
| Personal name | Borchert, Jill S., |
| Relator term | editor. |
| 700 1# - ADDED ENTRY--PERSONAL NAME | |
| Personal name | Slain, Douglas, |
| Dates associated with a name | 1967- |
| Relator term | editor. |
| 700 1# - ADDED ENTRY--PERSONAL NAME | |
| Personal name | Park, Sharon K., |
| Relator term | editor. |
| 942 ## - ADDED ENTRY ELEMENTS (KOHA) | |
| Source of classification or shelving scheme | Dewey Decimal Classification |
| Withdrawn status | Item status | Source of classification or shelving scheme | Damaged status | Not for loan | Vendor | Home library | Current library | Shelving location | Date acquired | Source of acquisition | Cost, normal purchase price | Total Checkouts | Full call number | Barcode | Date last seen | Koha item type | Total Renewals | Date last borrowed | Checked out |
|---|---|---|---|---|---|---|---|---|---|---|---|---|---|---|---|---|---|---|---|
| Dewey Decimal Classification | Baccah | Central Library | Central Library | First floor | 24/09/2018 | Purchase | 650.00 | 615.58 PHA | 000043596 | 15/07/2025 | NB - Book (Non borrowing) | ||||||||
| Dewey Decimal Classification | Baccah | Central Library | Central Library | First floor | 24/09/2018 | Purchase | 2 | 615.58 PHA | 000043597 | 15/07/2025 | Book - Borrowing | 11 | 24/02/2025 | ||||||
| Dewey Decimal Classification | Baccah | Central Library | Central Library | First floor | 24/09/2018 | Purchase | 650.00 | 615.58 PHA | 000043598 | 24/11/2025 | Book - Borrowing | ||||||||
| Dewey Decimal Classification | Baccah | Central Library | Central Library | First floor | 24/09/2018 | Purchase | 1 | 615.58 PHA | 000043599 | 07/02/2023 | Book - Borrowing | 07/02/2023 | 09/03/2023 |